TV channels from around the world - Statistics

General Stats
  • This quiz has been taken 1,110 times
  • The average score is 9 of 12
Answer Stats
Picture Answer % Correct
UK
98%
USA
98%
Saudi Arabia
88%
Japan
78%
Mexico
78%
Qatar
74%
Canada
72%
France
69%
Germany
68%
Italy
55%
Australia
40%
India
32%
No matching quizzes found
Score Distribution
Percent of People with Each Score
Percentile by Number Answered
Your Score History
You have not taken this quiz